00457nam a2200145Ia 4500008004100000082001400041100003500055245010400090260003700194300001500231520001100246650001400257650001900271700002100290230925s9999||||xx |||||||||||||| ||und|| a621.3 RAO aRao Rumman Ullah Khan (329652) 0aPassive Cooling Based Thermal Management System for Li-Ion Batteries Using Phase Change Materials / bUSPCAS-E, NUST,Islamabad :c2023 axiv, 61 p. aTH-493 vMS Thesis vMS-EEP Thesis  aDr. Naseem Iqbal